Research methodology : (Record no. 283304)
[ view plain ]
| 000 -LEADER | |
|---|---|
| fixed length control field | 00523nam a2200145Ia 4500 |
| 008 - FIXED-LENGTH DATA ELEMENTS--GENERAL INFORMATION | |
| fixed length control field | 150223s9999 xx 000 0 und d |
| 020 ## - INTERNATIONAL STANDARD BOOK NUMBER | |
| International Standard Book Number | 9717471495 |
| 050 ## - LIBRARY OF CONGRESS CALL NUMBER | |
| Classification number | H 62 |
| Item number | .K96 1996 |
| 100 ## - MAIN ENTRY--PERSONAL NAME | |
| Personal name | Kumar, Ranjit. |
| 245 ## - TITLE STATEMENT | |
| Title | Research methodology : |
| Remainder of title | a step-by-step guide for beginners / |
| Statement of responsibility, etc | Ranjit Kumar. |
| 260 ## - PUBLICATION, DISTRIBUTION, ETC. (IMPRINT) | |
| Place of publication, distribution, etc | Australia : |
| Name of publisher, distributor, etc | Addison Wesley Longman Australia Pty Limited, |
| Date of publication, distribution, etc | 1996 |
| 300 ## - PHYSICAL DESCRIPTION | |
| Extent | 276 pages : |
| Other physical details | Illustration ; |
| Dimensions | 25 cm. |
| 504 ## - BIBLIOGRAPHY, ETC. NOTE | |
| Bibliography, etc | Includes bibliography and Index. |
| 650 ## - SUBJECT ADDED ENTRY--TOPICAL TERM | |
| Topical term or geographic name as entry element | Research |
| General subdivision | Research Methodologies |
No items available.